000 00744nam a2200229 a 4500
001 000042172
005 20240530073922.0
008 131118s2013 dr 000 0 spa d
020 _a9789945068986
040 _aDO-SdBNP
_bspa
_cBNPHU
082 _aRD863.44
_bV443a, 2013
100 1 _aVeloz Maggiolo, Marcio,
_d1936-2021
_91104
245 1 4 _aLos ángeles de hueso /
_cMarcio Veloz Maggiolo.
250 _a2a ed.
260 _aSanto Domingo :
_bSantuario,
_c2013.
300 _a112 p. ;
_c23 cm.
500 _aIncluye datos biográficos del autor en la solapa de la cubierta.
590 _aInventariado, 2020 /LP
650 0 _aNovela dominicana
_9223
650 0 _aLiteratura dominicana.
_967
910 _aValidado. Control de calidad MFF
999 _c41661
_d41661